Usa: la rivoluzione sessuale prevista da Sorokin (Record no. 359599)

MARC details
000 -LEADER
campo di controllo lung. fissa 00584nam a22002297a 4500
003 - Identificatore del numero di controllo
campo di controllo IT-MiCISF
005 - Data e orario dell'ultima transazione
campo di controllo 20230202124521.0
008 - Elementi di lunghezza fissa--Informazione generale
campo di controllo lung. fissa 230202b |||||||| |||| 00| 0 eng d
040 ## - Fonte della catalogazione
Agenzia che fa la trascrizione IT-MiCISF
041 ## - Codice di lingua
Codice di lingua del testo/traccia sonora o titolo separato italiano
100 ## - Accesso principale -- nome di persona
Nome di persona Allodi Leonardo
9 (RLIN) 59323
245 ## - Formulazione del titolo
Titolo Usa: la rivoluzione sessuale prevista da Sorokin
250 ## - Formulazione di edizione
Formulazione di edizione "Studi cattolici
260 ## - Pubblicazione, distribuzione, ecc. (stampa)
Data di pubblicazione, distribuzione, ecc. 2021
300 ## - Descrizione fisica
Estensione pp. 8-13
310 ## - Periodicità corrente della pubblicazione
Periodicità corrente della pubblicazione mensile
362 ## - Date della pubblicazione e/o designazione sequenziale
Date della pubblicazione e/o designazione sequenziale n. 729, novembre
500 ## - Nota generale
Nota generale sessualità, sociologia, storia
650 ## - Accesso aggiunto di soggetto--termine topico
Termine topico o nome geografico come accesso sessualità
9 (RLIN) 56091
654 ## - Accesso aggiunto di soggetto--termini topici faccettati
Termine principale articolo
942 ## - Dati aggiuntivi (Koha)
Fonte della classificazione o dello schema di collocazione (segnatura) Dewey Decimal Classification
Tipo copia default (Koha) RIVISTA
Holdings
Ritirato (status) Perso (status) Fonte della classificazione o dello schema di collocazione (segnatura) Danneggiato (status) Non per il presito Biblioteca proprietaria Biblioteca in cui si trova Data d'acquisizione Totale prestiti Collocazione Data ultima operazione Prezzo in vigore dal Tipo copia default (Koha)
    Dewey Decimal Classification Buone Condizioni Not For Loan CISF - Milano CISF - Milano 02/02/2023   A10/R168 02/02/2023 02/02/2023 RIVISTA
CREDITS: SOCIETA' SAN PAOLO Via A.Severo, 58 - ROMA (RM) & PERIODICI SAN PAOLO SRL Via Giotto, 36 MILANO & CISF Via Giotto, 36 MILANO & EDIZIONI SAN PAOLO SRL,  Piazza Soncino, 5 CINISELLO BALSAMO (MI) -- ITALY